| 000 | 00591cam a2200181 4500 | ||
|---|---|---|---|
| 001 | 531 | ||
| 005 | 20181127161611.0 | ||
| 008 | 090513s2008 bt b 001 0 eng | ||
| 010 | _a 2009311458 | ||
| 020 | _a9993676004 | ||
| 043 | _aa-bt--- | ||
| 100 | 1 | _aWangchuk, Lily. | |
| 245 | 1 | 0 |
_aFacts about Bhutan : _bthe land of the thunder dragon / _cLily Wangchuk. |
| 260 |
_aThimphu : _bAbsolute Bhutan Books, _c2008. |
||
| 300 |
_axxxvi, 388 p. : _bcol. ill., col. maps ; _c23 cm. |
||
| 504 | _aIncludes bibliographical references (p. 360-361) and index. | ||
| 651 | 0 |
_aBhutan _xDescription and travel. |
|
| 999 |
_c403 _d403 |
||